000 00403nam a2200133Ia 4500
008 210430s9999 xx 000 0 und d
020 _a8123918305
082 _a660.028 H2331 P
100 _aN .Hanley, SC Bhatia
_9127603
245 _aPollution Control in Chemical and Allide Industries /
_cN .Hanley
260 _aNew Delhi
_bCBS Publishers &Distributors
_c2010
300 _a630 p
942 _cBK
_2ddc
999 _c564894
_d564894